The Sophist & The statesman Translation and introduction by A. N. Taylor
Sábháilte in:
| Príomhchruthaitheoir: | |
|---|---|
| Formáid: | LEABHAR |
| Teanga: | Béarla |
| Foilsithe / Cruthaithe: |
Dawsons of Pall Mall
1971
|
| Clibeanna: |
Cuir clib leis
Níl clibeanna ann, Bí ar an gcéad duine le clib a chur leis an taifead seo!
|
MARC
| LEADER | 00000nam a22000007a 4500 | ||
|---|---|---|---|
| 008 | 201222b ||||| |||| 00| 0 eng d | ||
| 100 | |a PLATO | ||
| 245 | |a The Sophist & The statesman |b Translation and introduction by A. N. Taylor |c edited by Raymond Klibansky and Elizabeth Anscombe | ||
| 250 | |c KLIBANSKY, Raymond and ANSCOMBE, Elizabeth | ||
| 260 | |b Dawsons of Pall Mall |c 1971 |h London |i 88954 |l B384 .A5T21 | ||
| 942 | |a lcc |c BK |e ADEYEYE Y. S. |f 22/12/2020 | ||
| 952 | |0 0 |1 0 |2 lcc |4 0 |6 B0384 A5 T21 |7 0 |9 1118 |a HOL |b HOL |c AF |d 2020-12-22 |l 0 |o B384 .A5T21 |p 2020-230327 |r 2020-12-22 00:00:00 |w 2020-12-22 |y BK | ||
| 999 | |c 581 |d 581 | ||